Australian and New Zealand fundamentals of nursing / (Record no. 81833)

MARC details
000 -LEADER
fixed length control field 01063nam a22003017a 4500
005 - DATE AND TIME OF LATEST TRANSACTION
control field 20250113213428.0
008 - FIXED-LENGTH DATA ELEMENTS--GENERAL INFORMATION
fixed length control field 250113b |||||||| |||| 00| 0 eng d
020 ## - INTERNATIONAL STANDARD BOOK NUMBER
International Standard Book Number 978-017045912-9
040 ## - CATALOGING SOURCE
Language of cataloging English
Transcribing agency URS
Description conventions rda
050 ## - LIBRARY OF CONGRESS CALL NUMBER
Classification number RT41
Item number .A938 2024
245 ## - TITLE STATEMENT
Title Australian and New Zealand fundamentals of nursing /
Remainder of title Sue C. De Laune...[and three others].
250 ## - EDITION STATEMENT
Edition statement 3rd edition.
264 ## - PUBLICATION, DISTRIBUTION, ETC. (IMPRINT)
Place of publication, distribution, etc Australia :
Name of publisher, distributor, etc Cengage Learning,
Date of publication, distribution, etc ©2024
300 ## - PHYSICAL DESCRIPTION
Extent xxiii, 1219 pages :
Other physical details colour illustrations ;
Dimensions 28 cm.
336 ## - CONTENT TYPE
Source rdacontent
Content type term text
Content type code txt
337 ## - MEDIA TYPE
Source rdamedia
Media type term unmediated
Media type code n
338 ## - CARRIER TYPE
Source rdacarrier
Carrier type term volume
Carrier type code nc
504 ## - BIBLIOGRAPHY, ETC. NOTE
Bibliography, etc Includes bibliographical references and index.
650 #0 - SUBJECT ADDED ENTRY--TOPICAL TERM
9 (RLIN) 1348
Topical term or geographic name as entry element Nursing
General subdivision Textbooks.
650 #0 - SUBJECT ADDED ENTRY--TOPICAL TERM
9 (RLIN) 1349
Topical term or geographic name as entry element Nursing practice
General subdivision Textbooks.
650 #0 - SUBJECT ADDED ENTRY--TOPICAL TERM
9 (RLIN) 1023
Topical term or geographic name as entry element Nursing.
650 #0 - SUBJECT ADDED ENTRY--TOPICAL TERM
9 (RLIN) 1072
Topical term or geographic name as entry element Nurse and patient.
700 ## - ADDED ENTRY--PERSONAL NAME
9 (RLIN) 1350
Personal name De Laune, Sue C.,
Relator term author.
700 ## - ADDED ENTRY--PERSONAL NAME
9 (RLIN) 1351
Personal name Ladner, Patrick K.,
Relator term author.
700 ## - ADDED ENTRY--PERSONAL NAME
9 (RLIN) 1352
Personal name McTier, Lauren.,
Relator term author.
700 ## - ADDED ENTRY--PERSONAL NAME
9 (RLIN) 1353
Personal name Tollefson, Joanne.,
Relator term author.
942 ## - ADDED ENTRY ELEMENTS (KOHA)
Source of classification or shelving scheme Library of Congress Classification
Koha item type Reserved Books
Holdings
Withdrawn status Lost status Source of classification or shelving scheme Damaged status Not for loan Collection code Home library Current library Shelving location Date acquired Source of acquisition Total Checkouts Full call number Barcode Date last seen Copy number Koha item type
    Library of Congress Classification     Non-fiction Taytay College Library Taytay College Library Reserve Section 12/12/2024 Purchased   RT41 .A938 2024 URSTAY-5660 06/03/2025 1 Reserved Books

University of Rizal System
Email us at univlibservices@urs.edu.ph

Visit our Website www.urs.edu.ph/library